000 00425nam a22001457a 4500
005 20180125101356.0
008 180125b xxu||||| |||| 00| 0 eng d
020 _a9789699019104
040 _cPK-LaUMT
082 _aPKAC 158.1
_bWAQ-
245 _aWaqt ka bahtar istemat(وقت کا بہتر استعمال)/
_cMuhammad Bashir Jumma(compiler)
260 _aلاہور
_bمنشورات
_c2009
300 _a272
942 _cBK
999 _c102146
_d102146